| 000 | 01133nam a2200217Ia 4500 | ||
|---|---|---|---|
| 001 | 15629 | ||
| 003 | GE_BSU | ||
| 008 | 181216s||||||||xx |||||||||||||| ||und|| | ||
| 040 | _cGE_BSU | ||
| 080 | _a821.353.1-1 | ||
| 100 | _aწერეთელი, ა. | ||
| 245 | _aთხზულებანი : სრული კრებული 7 ტომად. ტ. 2 | ||
| 245 | _bლექსები | ||
| 245 | _cი. თავაძის, ა. აბაშელის, ი. გრიშაშვილის, პ. ინგოროყვას და გ. ლეონიძის რედ. მხატვ.: ლადო გრიგოლია | ||
| 260 | _aთბილისი | ||
| 260 | _bსახელგამი | ||
| 260 | _c1941 | ||
| 300 | _a764 გვ26 სმ. | ||
| 300 | _eდანართი: აკაკი წერეთლის ლექსები, ნარკვევი (კომენტარი, ტექსტის ისტორია, ქრონოლოგია) გვ. 618-744. - ანბანური საძიებელი. გვ. 759-63. | ||
| 942 | _cBK | ||
| 999 |
_c48729 _d48729 |
||